00730nam a2200193Ia 450000500170000000800410001702000180005808200130007624501620008926000390025130000180029065000090030865000270031770000360034470000400038094200060042095200950042699900150052120240604072122.0240331s9999 xx 000 0 und d a9789551302313 bLANa346 0aIs Land Just for Men? :bCritiquing Discriminatory Laws, Regulations and Administrative Practices relating to Land and Property Rights of Women iin Sri Lanka aColombobLaw & Society Trustc2010 axxx, 330 p ., aLaws aLand & Property Rights aJayawardena, Pinto Kishalieedt aGuneratne, Almeida De Jayanthaeedt cL 001040708LaWERCLbWERCLcSSCd2024-03-31l0o 346 LANp6664r2024-03-31w2024-03-31yL c5684d5684